000 00425pab a2200157 454500
008 180718b1962 xxu||||| |||| 00| 0 eng d
100 _aVenkatachalapathy, G.
245 _aFinancial resources of Panchayati Raj institutions in Madras state
260 _c1962
300 _ap.557-563.
362 _aOct-Dec
650 _aPanchayat
773 _aIndian Journal of Public Administration
908 _aN
909 _a100443
999 _c100442
_d100442